Information technology / (Record no. 5833)

MARC details
000 -LEADER
fixed length control field 00525 a2200181 4500
010 ## - LCCN (DPL NO)
LC control number ENG-87034
020 ## - INTERNATIONAL STANDARD BOOK NUMBER
International Standard Book Number 0070648581
Terms of availability 225.00
035 ## - SYSTEM CONTROL NUMBER
System control number EN-70567
037 ## - SOURCE OF ACQUISITION
Source of stock number/acquisition DBAD / PUB
082 14 - DEWEY DECIMAL CLASSIFICATION NUMBER
Classification number 005
100 1# - MAIN ENTRY--PERSONAL NAME
Personal name Kahate, Atul
245 1# - TITLE STATEMENT
Title Information technology /
Statement of responsibility, etc by Atul Kahate
260 ## - PUBLICATION, DISTRIBUTION, ETC. (IMPRINT)
Place of publication, distribution, etc New Delhi
Name of publisher, distributor, etc Tata McGraw-Hill Publishing
Date of publication, distribution, etc 2008
270 ## - ADDRESS
Address 7, West Patel Nagar,
City New Delhi
Postal code 110 008
300 ## - PHYSICAL DESCRIPTION
Extent various paging
Dimensions 24 cm (Pbk)
500 ## - GENERAL NOTE
General note Includes index
942 ## - ADDED ENTRY ELEMENTS (KOHA)
Institution code [OBSOLETE] dpl
Item type English Books
Source of classification or shelving scheme Dewey Decimal Classification
Classification part 005
Call number suffix KAH
Holdings
Withdrawn status Lost status Not for loan Collection code Home library Current library Source of acquisition Cost, normal purchase price Full call number Barcode Copy number Cost, replacement price Koha item type
    Not For Loan Non-fiction D.B.Act.Division D.B.Act.Division DBAD/PUB 225.00 005 KAH EN-70567 1 225.00 English Books

© Delhi Public Library
Hit Counter
free hit counter